LEADER 01174nam0-2200337---450- 001 990003682310203316 005 20120802120242.0 010 $a88-324-5328-2 035 $a000368231 035 $aUSA01000368231 035 $a(ALEPH)000368231USA01 035 $a000368231 100 $a20120802d2004----y0itaita00103----ba 101 $aita 102 $aIT 105 $a||||||||001yy 200 1 $aGuida alla fiscalità internazionale$etassazione dei redditi prodotti in Italia e all'estero, Convenzioni contro le doppie imposizioni$fMarco Piazza 205 $a9. ed. aggiornata con le novità della riforma del sistema fiscale 210 $aMilano$cIl sole 24 ore$d2004 215 $aXXIII, 1402 p.$d25 cm$e1 Cd-Rom 606 $aRedditi prodotti all'estero$xTributi$2BNCF 606 $aCittadini non residenti$xTributi$xConvenzioni internazionali$2BNCF 676 $a343.4505248 700 1$aPIAZZA,$bMarco$0116285 912 $a990003682310203316 951 $a343.450 PIA$b1242 DIL$c343.450$d00315688 959 $aBK 969 $aDIL 979 $aIANNONE$b90$c20120802$lUSA01$h1202 996 $aGuida alla fiscalità internazionale$9418357 997 $aUNISA LEADER 01669nam 2200409z- 450 001 9910694135803321 005 20220623180936.0 035 $a(CKB)4920000000817647 035 $a(BIP)014058450 035 $a(EXLCZ)994920000000817647 100 $a20220316c1979uuuu -u- - 101 0 $aeng 200 10$aHearing on impacts of border security and immigration on Ways and Means programs $ehearing before the Committee on Ways and Means, U.S. House of Representatives, One Hundred Ninth Congress, second session, July 26, 2006 210 $cWashington: U.S. Commission on Civil Rights 215 $a1 online resource (iii, 103 p.) $cill 311 $a0-16-078117-5 517 3 $aHearing before the United States Commission on Civil Rights 606 $aNoncitizens$xServices for$xEconomic aspects$zUnited States 606 $aBorder security$zUnited States 606 $aInformal sector (Economics)$zUnited States 606 $aNoncitizens$xTaxation$zUnited States 607 $aUnited States$xEmigration and immigration$xEconomic aspects 610 $aIllegal aliens 610 $aInformal sector (economics) 610 $aAliens 610 $aUnited States 610 $aSocial science 610 $aBusiness & economics 615 0$aNoncitizens$xServices for$xEconomic aspects 615 0$aBorder security 615 0$aInformal sector (Economics) 615 0$aNoncitizens$xTaxation 712 02$aUnited States, Congress House Committee on Ways and Means Staff,$4oth 906 $aBOOK 912 $a9910694135803321 996 $aHearing on impacts of border security and immigration on Ways and Means programs$93103677 997 $aUNINA